Normal view
MARC view
- Howard, Michael Eliot,
Entry Personal Name
001 - CONTROL NUMBER
- control field: 105808
003 - CONTROL NUMBER IDENTIFIER
- control field: NUST
005 - DATE AND TIME OF LATEST TRANSACTION
- control field: 20221224121233.0
008 - FIXED-LENGTH DATA ELEMENTS
- fixed length control field: 221224|| aca||aabn | a|a d
040 ## - CATALOGING SOURCE
- Original cataloging agency: NUST
- Transcribing agency: NUST
100 ## - HEADING--PERSONAL NAME
- Personal name: Howard, Michael Eliot,
- Dates associated with a name: 1922-
670 ## - SOURCE DATA FOUND
- Source citation: Work cat.: (NUST)190635: Clausewitz, Carl von,, On War :, cop. 1976
